| 000 | 01066nam a22002175i 4500 | ||
|---|---|---|---|
| 001 | 154629 | ||
| 003 | ES-MaACL | ||
| 005 | 20250816063144.0 | ||
| 008 | 021129s1868 sp |||| | spa d | ||
| 040 |
_aCCPB | B _bspa _cCCPB | B |
||
| 100 | 1 |
_aGonzález Velasco, Pedro, _d1815-1882 _9127434 |
|
| 245 | 1 | 0 |
_aReseña histórica de los trabajos anatómicos del doctor Don Pedro González Velasco _b: dedicada al profesorado español / _cescrita por él mismo en sus últimos viajes al estranjero [sic]. |
| 260 |
_aMadrid : _b[s.n.], _c1868 ( _fimprenta médica de M. Alvarez) |
||
| 300 |
_a89 p. ; _c21 cm. |
||
| 530 | _aDisponible también en sitio web. | ||
| 600 | 1 | 7 |
_aGonzález Velasco, Pedro, _d1815-1882- _xBiografías _2 _9127435 |
| 650 | 7 |
_aAnatomía humana _2embne _99801 |
|
| 852 |
_aES-MaACL _jT-681-F-5 _z-- Enc. hol., falto de la cub. original _z-- Enc. en un vol. facticio |
||
| 856 |
_uhttp://bibliotecadigitalhispanica.bne.es:80/webclient/DeliveryManager?pid=1833849&custom_att_2=simple_viewer _zIr a la página |
||
| 999 |
_c154629 _d154629 |
||